[Event "Niederoesterreich Landesliga 1516"]
[Site "Austria"]
[Date "2015.11.08"]
[Round "3.4"]
[White "Wasl, Ernst"]
[Black "Mlynek, Petr"]
[Result "0-1"]
[WhiteElo "2054"]
[BlackElo "2197"]
[PlyCount "80"]
[EventDate "2015.09.27"]
[EventType "team-tourn"]
[EventRounds "11"]
[EventCountry "AUT"]
[SourceTitle "CBM 170 Extra"]
[Source "ChessBase"]
[SourceDate "2016.02.25"]
[SourceVersion "1"]
[SourceVersionDate "2016.02.25"]
[SourceQuality "1"]
[WhiteTeam "Krems Voest"]
[BlackTeam "Zwettl"]
[WhiteTeamCountry "AUT"]
[BlackTeamCountry "AUT"]

1. d4 f5 2. g3 Nf6 3. Bg2 g6 4. Nh3 Bg7 5. Nf4 0-0 6. h4 d6 7. d5 c6 8. c4 Qe8 9. Nc3 e5 10. dxe6 Bxe6 11. Qxd6 Bxc4 12. Be3 Na6 13. 0-0-0 Ng4 14. Qd7 Nxe3 15. Qxe8 Raxe8 16. fxe3 Rxe3 17. Kd2 Rxg3 18. Rdf1 Nc5 19. Rh3 Rxh3 20. Nxh3 Rd8+ 21. Kc2 Bxc3 22. Kxc3 Bxe2 23. Re1 Bd3 24. Re7 Be4 25. Bf1 Rd7 26. Re8+ Kf7 27. Rh8 Kf6 28. Rf8+ Kg7 29. Ra8 Bd3 30. Bg2 Ne4+ 31. Kb4 b6 32. a4 a5+ 33. Ka3 Bc4 34. Nf4 Nd2 35. b3 Nxb3 36. Bxc6 Rd4 37. Ra7+ Kf6 38. Bd5 Rxf4 39. Bxc4 Rxc4 40. Kxb3 Rxh4 0-1

[Event "Niederoesterreich Landesliga 1415"]
[Site "Austria"]
[Date "2015.03.01"]
[Round "9.3"]
[White "Wasl, Ernst"]
[Black "Zwettler, Martin"]
[Result "0-1"]
[WhiteElo "2093"]
[BlackElo "2206"]
[PlyCount "48"]
[EventDate "2014.10.05"]
[EventType "team-tourn"]
[EventRounds "11"]
[EventCountry "AUT"]
[SourceTitle "EXT 2016"]
[Source "ChessBase"]
[SourceDate "2015.10.08"]
[SourceVersion "1"]
[SourceVersionDate "2015.10.08"]
[SourceQuality "1"]
[WhiteTeam "Krems Voest"]
[BlackTeam "Zwettl II"]
[WhiteTeamCountry "AUT"]
[BlackTeamCountry "AUT"]

1. d4 e6 2. c4 b6 3. e4 Bb7 4. f3 Bb4+ 5. Kf2 e5 6. a3 Be7 7. dxe5 Bc5+ 8. Kg3 Nc6 9. f4 f6 10. Nf3 fxe5 11. fxe5 a5 12. Nc3 Nge7 13. Nd5 0-0 14. h4 Nxe5 15. Bg5 Nxf3 16. gxf3 Bxd5 17. cxd5 h6 18. Bd2 Ng6 19. f4 Qf6 20. f5 Rae8 21. Bg2 Bd6+ 22. Kf2 Nxh4 23. Qg4 Qd4+ 24. Kf1 Rxf5+ 0-1

[Event "AUT-ch Seniors"]
[Site "Spitz am Donau"]
[Date "2011.10.07"]
[Round "4"]
[White "Wasl, Ernst"]
[Black "Illner, Gerhard"]
[Result "1-0"]
[WhiteElo "2106"]
[BlackElo "2038"]
[PlyCount "55"]
[EventDate "2011.10.04"]
[EventType "swiss"]
[EventRounds "9"]
[EventCountry "AUT"]
[SourceTitle "CBM 144 Extra"]
[Source "ChessBase"]
[SourceDate "2011.10.28"]
[SourceVersion "1"]
[SourceVersionDate "2011.10.28"]
[SourceQuality "1"]

1. d4 d5 2. c4 c6 3. e3 Nf6 4. Nc3 e6 5. Nf3 Nbd7 6. Qc2 Be7 7. g4 h6 8. h3 dxc4 9. Bxc4 b5 10. Bb3 Bb7 11. g5 hxg5 12. Bxe6 Nf8 13. Bb3 c5 14. Ne5 c4 15. Nxb5 Bb4+ 16. Kf1 cxb3 17. Nc7+ Ke7 18. Qc4 Nd5 19. Nxd5+ Qxd5 20. Qxb4+ Ke6 21. f3 Ba6+ 22. Kf2 f6 23. axb3 Bb5 24. e4 Qb7 25. Nc4 Ng6 26. Nd6 Qe7 27. d5+ Ke5 28. Be3 1-0

[Event "Landesliga Nord 0708"]
[Site "Bayern"]
[Date "2007.11.25"]
[Round "3.3"]
[White "Cedikova, Katerina"]
[Black "Wasl, Ernst"]
[Result "1/2-1/2"]
[WhiteElo "2154"]
[BlackElo "2074"]
[PlyCount "53"]
[EventDate "2007.10.21"]
[EventType "team-tourn"]
[EventRounds "9"]
[EventCountry "GER"]
[SourceTitle "EXT 2009"]
[Source "ChessBase"]
[SourceDate "2008.11.26"]
[SourceVersion "1"]
[SourceVersionDate "2008.11.26"]
[SourceQuality "1"]
[WhiteTeam "Koetzting"]
[BlackTeam "Regensburg Fortuna II"]
[WhiteTeamCountry "GER"]
[BlackTeamCountry "GER"]

1. d4 e6 2. c4 d5 3. Nc3 Nf6 4. Nf3 Be7 5. e3 0-0 6. Bd3 dxc4 7. Bxc4 a6 8. 0-0 b5 9. Bd3 Bb7 10. Qe2 c5 11. Rd1 Qc7 12. e4 cxd4 13. Nxd4 e5 14. Nf5 Bc5 15. Bg5 Nbd7 16. Rac1 Qb6 17. Nd5 Bxd5 18. exd5 e4 19. Bb1 Rfe8 20. Bf4 g6 21. Nh6+ Kg7 22. b4 Bd4 23. Rc6 Qa7 24. Rc7 Qb6 25. Rc6 Qa7 26. Rc7 Qb6 27. Rc6 1/2-1/2

[Event "Landesliga Nord 0708"]
[Site "Bayern"]
[Date "2007.10.21"]
[Round "1.4"]
[White "Wasl, Ernst"]
[Black "Diekers, Michael"]
[Result "1/2-1/2"]
[WhiteElo "2074"]
[BlackElo "2086"]
[PlyCount "100"]
[EventDate "2007.10.21"]
[EventType "team-tourn"]
[EventRounds "9"]
[EventCountry "GER"]
[SourceTitle "EXT 2009"]
[Source "ChessBase"]
[SourceDate "2008.11.26"]
[SourceVersion "1"]
[SourceVersionDate "2008.11.26"]
[SourceQuality "1"]
[WhiteTeam "Regensburg Fortuna II"]
[BlackTeam "Puschendorf"]
[WhiteTeamCountry "GER"]
[BlackTeamCountry "GER"]

1. d4 d5 2. Nc3 Nf6 3. e4 Nxe4 4. Nxe4 dxe4 5. Bc4 e6 6. f3 Bd6 7. Nh3 Qh4+ 8. Nf2 exf3 9. g3 Qh5 10. g4 Qh4 11. Qxf3 0-0 12. Be3 Bd7 13. 0-0-0 Bc6 14. d5 exd5 15. Bxd5 Nd7 16. Bxc6 Ne5 17. Qg2 Nxc6 18. Ne4 Ne5 19. h3 Qe7 20. Nxd6 cxd6 21. Bf4 Rac8 22. Qd5 Rc6 23. Rhe1 Rfc8 24. c3 h6 25. Bxe5 dxe5 26. Rxe5 Qf6 27. Qe4 R6c7 28. Re8+ Rxe8 29. Qxe8+ Kh7 30. Qe4+ Qg6 31. Qd4 a6 32. b3 Qg5+ 33. Kb2 Qg6 34. Rd2 Qe6 35. Kc2 Re7 36. Kb2 Rc7 37. Qd3+ Qg6 38. Qg3 Re7 39. h4 Re4 40. Rg2 Qe6 41. Qf3 g6 42. h5 g5 43. Rd2 Kg7 44. Rg2 b6 45. a4 a5 46. Qd1 Rf4 47. Qg1 Qe4 48. Rc2 Qe6 49. Rg2 Qe4 50. Rc2 Qe6 1/2-1/2

[Event "Landesliga Nord 0607"]
[Site "Bayern"]
[Date "2007.04.22"]
[Round "9.6"]
[White "Wasl, Ernst"]
[Black "Schweizer, Wolfgang D"]
[Result "1-0"]
[WhiteElo "2062"]
[BlackElo "1969"]
[PlyCount "83"]
[EventDate "2006.10.15"]
[EventType "team-tourn"]
[EventRounds "9"]
[EventCountry "GER"]
[SourceTitle "EXT 2008"]
[Source "ChessBase"]
[SourceDate "2007.11.25"]
[SourceVersion "1"]
[SourceVersionDate "2007.11.25"]
[SourceQuality "1"]
[WhiteTeam "Regensburg Fortuna II"]
[BlackTeam "Kulmbach"]
[WhiteTeamCountry "GER"]
[BlackTeamCountry "GER"]

1. d4 d5 2. c4 e6 3. Nc3 Nf6 4. Bg5 Nbd7 5. e3 c6 6. Nf3 Be7 7. Rc1 h6 8. Bh4 0-0 9. Bd3 dxc4 10. Bxc4 Nd5 11. Bxe7 Qxe7 12. 0-0 Nxc3 13. Rxc3 e5 14. dxe5 Nxe5 15. Nxe5 Qxe5 16. f4 Qf6 17. f5 Rd8 18. Rd3 Rxd3 19. Qxd3 b5 20. Bb3 a5 21. e4 Ba6 22. e5 Qd8 23. Qxd8+ Rxd8 24. e6 Kf8 25. exf7 a4 26. Be6 b4 27. Rc1 Bb5 28. Kf2 Ke7 29. g4 Rd2+ 30. Ke3 Re2+ 31. Kf4 Rf2+ 32. Kg3 Rd2 33. h4 Rd3+ 34. Kf4 Rd4+ 35. Ke5 Rd2 36. g5 hxg5 37. hxg5 Re2+ 38. Kf4 Rf2+ 39. Kg3 Rd2 40. f6+ gxf6 41. gxf6+ Kf8 42. Rh1 1-0

[Event "Regionalliga NO 0405"]
[Site "Bayern"]
[Date "2005.03.13"]
[Round "8.1"]
[White "Wasl, Ernst"]
[Black "Erlbeck, Peter"]
[Result "1/2-1/2"]
[WhiteElo "2192"]
[BlackElo "2003"]
[PlyCount "64"]
[EventDate "2004.10.24"]
[EventType "team-tourn"]
[EventRounds "9"]
[EventCountry "GER"]
[SourceTitle "EXT 2007"]
[Source "ChessBase"]
[SourceDate "2006.11.23"]
[SourceVersion "1"]
[SourceVersionDate "2006.11.23"]
[SourceQuality "1"]
[WhiteTeam "Regensburg Fortuna III"]
[BlackTeam "Nuernberg Sued SW II"]
[WhiteTeamCountry "GER"]
[BlackTeamCountry "GER"]

1. e4 c5 2. Nf3 Nc6 3. Nc3 e6 4. d4 cxd4 5. Nxd4 Nf6 6. Be3 Bb4 7. f3 d5 8. Nxc6 bxc6 9. e5 Nd7 10. f4 Bb7 11. a3 Ba5 12. Qg4 Kf8 13. h4 Bxc3+ 14. bxc3 Qa5 15. Bd2 Qa4 16. Qg3 Nc5 17. Bd3 Ne4 18. Qe3 Nxd2 19. Kxd2 Qa5 20. Rab1 Bc8 21. Rb3 g6 22. h5 Rg8 23. h6 Ke7 24. Rhb1 Rd8 25. Qf2 d4 26. Qh4+ Ke8 27. Qf6 dxc3+ 28. Rxc3 Qd5 29. Rg1 Ba6 30. Qh8+ Ke7 31. Qf6+ Ke8 32. Qh8+ Ke7 1/2-1/2

[Event "Landesliga Nord 0405"]
[Site "Bayern"]
[Date "2005.01.16"]
[Round "5.8"]
[White "Mikuta, Alexander"]
[Black "Wasl, Ernst"]
[Result "1-0"]
[WhiteElo "1869"]
[BlackElo "2192"]
[PlyCount "127"]
[EventDate "2004.10.24"]
[EventType "team-tourn"]
[EventRounds "9"]
[EventCountry "GER"]
[SourceTitle "EXT 2008"]
[Source "ChessBase"]
[SourceDate "2007.11.25"]
[SourceVersion "1"]
[SourceVersionDate "2007.11.25"]
[SourceQuality "1"]
[WhiteTeam "Bamberg SC II"]
[BlackTeam "Regensburg Fortuna II"]
[WhiteTeamCountry "GER"]
[BlackTeamCountry "GER"]

1. e4 e6 2. d3 d5 3. Nd2 c5 4. Ngf3 Nc6 5. g3 Bd6 6. Bg2 Nge7 7. 0-0 0-0 8. Re1 Bc7 9. c3 b5 10. Nf1 a5 11. h4 b4 12. c4 dxc4 13. dxc4 Qxd1 14. Rxd1 e5 15. Be3 Nd4 16. Bxd4 cxd4 17. Ne1 Rb8 18. Nd2 a4 19. Nd3 Nc6 20. f4 f6 21. f5 Bd6 22. b3 a3 23. g4 Ba6 24. Kf2 Rfc8 25. Bf1 Na5 26. Rac1 Bc5 27. Be2 Nb7 28. Rg1 Kh8 29. g5 Be7 30. g6 h6 31. h5 Bc5 32. Kf3 Nd6 33. Kg4 Bb7 34. Bf3 Rc7 35. Rge1 Bc8 36. Re2 Nb7 37. Bg2 Bd6 38. Nf1 Kg8 39. Rec2 Bd7 40. Nd2 Bc5 41. Bf1 Nd6 42. Nf2 Re8 43. Bd3 Bc6 44. Re1 Rce7 45. Re2 Nxf5 46. exf5 Kf8 47. Nde4 Bxe4 48. Bxe4 Rc7 49. Nd3 Ke7 50. Kf3 Rb8 51. Bd5 Kd6 52. Ke4 Ba7 53. Nf2 Ke7 54. Ng4 Kf8 55. Rg2 Rd8 56. Rcd2 Rdd7 57. Rd3 Rc5 58. Be6 Re7 59. Bf7 Rc8 60. Rdg3 Rd8 61. Nxf6 gxf6 62. g7+ Kxf7 63. g8Q+ Rxg8 64. Rxg8 1-0

[Event "Regionalliga NO 0405"]
[Site "Bayern"]
[Date "2004.12.12"]
[Round "4.1"]
[White "Wasl, Ernst"]
[Black "Shapiro, Boris"]
[Result "0-1"]
[WhiteElo "2192"]
[BlackElo "2459"]
[PlyCount "86"]
[EventDate "2004.10.24"]
[EventType "team-tourn"]
[EventRounds "9"]
[EventCountry "GER"]
[SourceTitle "EXT 2007"]
[Source "ChessBase"]
[SourceDate "2006.11.23"]
[SourceVersion "1"]
[SourceVersionDate "2006.11.23"]
[SourceQuality "1"]
[WhiteTeam "Regensburg Fortuna III"]
[BlackTeam "Sinzing"]
[WhiteTeamCountry "GER"]
[BlackTeamCountry "GER"]

1. d4 Nf6 2. c4 e6 3. Nf3 b6 4. g3 Bb7 5. Bg2 c5 6. 0-0 cxd4 7. Nxd4 Bxg2 8. Kxg2 Be7 9. Nc3 a6 10. Qd3 0-0 11. Rd1 Ra7 12. Qf3 Rc7 13. b3 d6 14. Bb2 Qc8 15. h3 Rd8 16. e4 Nbd7 17. Qe3 Qb7 18. Kh2 Nc5 19. Re1 Bf8 20. Rad1 Rcc8 21. Qe2 Ncd7 22. f4 Ne8 23. Nf3 Nc7 24. e5 dxe5 25. fxe5 b5 26. Ne4 Ne8 27. Nfg5 Nc5 28. Nd6 Nxd6 29. exd6 h6 30. Nf3 bxc4 31. bxc4 Rxd6 32. Be5 Rdd8 33. Ba1 Qc7 34. Ne5 Rxd1 35. Rxd1 Rd8 36. Rf1 f6 37. Ng4 Qc6 38. Nxf6+ gxf6 39. Rxf6 Qe4 40. Qb2 e5 41. Qf2 Bg7 42. Rf3 Rd1 43. Bc3 Rd3 0-1

[Event "Regionalliga NO 0405"]
[Site "Bayern"]
[Date "2004.10.24"]
[Round "1.1"]
[White "Kordts, Wolfgang"]
[Black "Wasl, Ernst"]
[Result "1-0"]
[WhiteElo "2149"]
[BlackElo "2192"]
[PlyCount "79"]
[EventDate "2004.10.24"]
[EventType "team-tourn"]
[EventRounds "9"]
[EventCountry "GER"]
[SourceTitle "EXT 2007"]
[Source "ChessBase"]
[SourceDate "2006.11.23"]
[SourceVersion "1"]
[SourceVersionDate "2006.11.23"]
[SourceQuality "1"]
[WhiteTeam "Postbauer Heng"]
[BlackTeam "Regensburg Fortuna III"]
[WhiteTeamCountry "GER"]
[BlackTeamCountry "GER"]

1. d4 Nf6 2. c4 e6 3. Nf3 b6 4. g3 Ba6 5. b3 Bb4+ 6. Bd2 Be7 7. Bg2 Bb7 8. 0-0 0-0 9. Nc3 Ne4 10. Ne1 Nxc3 11. Bxc3 Bxg2 12. Nxg2 d5 13. Qc2 c6 14. a4 Nd7 15. Bb2 Nf6 16. Nf4 Rc8 17. Rfc1 dxc4 18. Qxc4 c5 19. dxc5 Bxc5 20. Qd3 Qe7 21. Qf3 Bb4 22. Rxc8 Rxc8 23. Rc1 Rxc1+ 24. Bxc1 h6 25. Bb2 Ne8 26. Qc6 Kf8 27. Nd3 Bd6 28. Ne5 Qc7 29. Qxc7 Nxc7 30. Nc6 a6 31. Bd4 Bc5 32. Be5 Ne8 33. Nb8 f6 34. Bf4 e5 35. Bd2 Nc7 36. b4 Bd6 37. Nd7+ Ke8 38. Nxb6 Kd8 39. Nc4 Be7 40. Na5 1-0

[Event "Bayern-ch 75th"]
[Site "Ingolstadt"]
[Date "2004.09.06"]
[Round "4"]
[White "Wasl, Ernst"]
[Black "Horvath, Laszlo"]
[Result "1/2-1/2"]
[WhiteElo "2129"]
[BlackElo "2103"]
[PlyCount "106"]
[EventDate "2004.09.04"]
[EventType "swiss"]
[EventRounds "9"]
[EventCountry "GER"]
[SourceTitle "EXT 2015"]
[Source "ChessBase"]
[SourceDate "2014.11.20"]
[SourceVersion "1"]
[SourceVersionDate "2014.11.20"]
[SourceQuality "1"]

1. d4 Nf6 2. c4 g6 3. Nc3 d5 4. Nf3 Bg7 5. Qb3 dxc4 6. Qxc4 0-0 7. Bf4 c6 8. e4 b5 9. Qd3 Qa5 10. Bd2 b4 11. Nd1 Ba6 12. Qc2 Bxf1 13. Rxf1 Qb5 14. Rc1 a5 15. Ne3 Nfd7 16. Nc4 c5 17. d5 e6 18. dxe6 fxe6 19. Ng5 Qa6 20. Qd3 h6 21. Nf3 Rd8 22. e5 Kh7 23. Nh4 Nxe5 24. Qxd8 Nxc4 25. Qd3 Ne5 26. Qxa6 Nxa6 27. Ke2 g5 28. f4 Nc6 29. fxg5 hxg5 30. Bxg5 Bxb2 31. Rcd1 Bd4 32. Rf7+ Kg8 33. Rb7 c4 34. Ng6 e5 35. Bh6 Ra7 36. Rxa7 Nxa7 37. Ne7+ Kf7 38. Nf5 Nc6 39. Be3 b3 40. axb3 cxb3 41. Nxd4 exd4 42. Bxd4 a4 43. Bb2 Na5 44. Kd3 Nb4+ 45. Kc3 Na2+ 46. Kd4 Nb4 47. Kc5 Nc2 48. Kb5 a3 49. Bxa3 Nxa3+ 50. Kxa5 b2 51. Kb6 b1Q+ 52. Rxb1 Nxb1 53. Kc5 Nd2 1/2-1/2

[Event "Bayern-ch 75th"]
[Site "Ingolstadt"]
[Date "2004.09.05"]
[Round "2"]
[White "Wasl, Ernst"]
[Black "Maier, Alexander"]
[Result "1/2-1/2"]
[WhiteElo "2129"]
[BlackElo "2307"]
[PlyCount "37"]
[EventDate "2004.09.04"]
[EventType "swiss"]
[EventRounds "9"]
[EventCountry "GER"]
[SourceTitle "EXT 2015"]
[Source "ChessBase"]
[SourceDate "2014.11.20"]
[SourceVersion "1"]
[SourceVersionDate "2014.11.20"]
[SourceQuality "1"]

1. d4 d6 2. c4 e5 3. dxe5 dxe5 4. Qxd8+ Kxd8 5. Nf3 f6 6. g3 Be6 7. b3 a5 8. Ba3 Bxa3 9. Nxa3 c6 10. Bg2 Na6 11. Nd2 Nh6 12. Nc2 Nf7 13. 0-0-0 Ke7 14. Kb2 Nc5 15. Ne4 Nxe4 16. Bxe4 f5 17. Bg2 a4 18. h4 axb3 19. axb3 1/2-1/2

[Event "Oberpfalz-ch M1"]
[Site "Regensburg"]
[Date "2004.04.04"]
[Round "4.2"]
[White "Ewald, Alexander"]
[Black "Wasl, Ernst"]
[Result "0-1"]
[WhiteElo "2173"]
[BlackElo "2163"]
[PlyCount "76"]
[EventDate "2004.04.03"]
[EventType "swiss"]
[EventRounds "8"]
[EventCountry "GER"]
[SourceTitle "EXT 2022"]
[Source "ChessBase"]
[SourceDate "2021.10.06"]
[SourceVersion "1"]
[SourceVersionDate "2021.10.06"]
[SourceQuality "1"]

1. d4 d5 2. c4 e6 3. Nf3 Nf6 4. Bg5 Be7 5. e3 0-0 6. Nc3 h6 7. Bxf6 Bxf6 8. Qc2 b6 9. 0-0-0 Bb7 10. cxd5 exd5 11. h4 g6 12. h5 g5 13. Qf5 Bg7 14. Bd3 Re8 15. Ne5 Qf6 16. Qh7+ Kf8 17. f4 gxf4 18. Rhf1 Rxe5 19. Rxf4 Qg5 20. dxe5 Nc6 21. e6 Ne5 22. Bg6 d4 23. Rdf1 Ke7 24. exd4 Bf3 25. Kb1 Qxg2 26. Bd3 Rh8 27. Qf5 fxe6 28. R4xf3 exf5 29. dxe5 Rd8 30. R1f2 Qxf2 31. Rxf2 Rxd3 32. Kc2 Rd7 33. Rxf5 Ke6 34. Rf2 Bxe5 35. Nd1 Rf7 36. Rxf7 Kxf7 37. Kd3 c5 38. Ke4 Kf6 0-1

[Event "Regionalliga NO 0304"]
[Site "Bayern"]
[Date "2004.02.15"]
[Round "6.1"]
[White "Appel, Helmut"]
[Black "Wasl, Ernst"]
[Result "1-0"]
[WhiteElo "2240"]
[BlackElo "2187"]
[PlyCount "133"]
[EventDate "2003.10.??"]
[EventType "team-tourn"]
[EventRounds "9"]
[EventCountry "GER"]
[SourceTitle "EXT 2006"]
[Source "ChessBase"]
[SourceDate "2005.11.24"]
[SourceVersion "1"]
[SourceVersionDate "2005.11.24"]
[SourceQuality "1"]
[WhiteTeam "Kareth Lappersdorf"]
[BlackTeam "Regensburg Fortuna III"]
[WhiteTeamCountry "GER"]
[BlackTeamCountry "GER"]

1. e4 e6 2. d4 d5 3. e5 c5 4. c3 Nc6 5. Nf3 Bd7 6. Be2 f6 7. c4 cxd4 8. cxd5 Qa5+ 9. Nbd2 Qxd5 10. Bc4 Qa5 11. 0-0 b5 12. Bd3 fxe5 13. Qe2 Bd6 14. Ne4 Be7 15. Bd2 Qc7 16. Bxb5 Nf6 17. Neg5 0-0 18. Bxc6 Qxc6 19. Nxe5 Qb5 20. Qxb5 Bxb5 21. Rfe1 Rfc8 22. Rac1 Rxc1 23. Bxc1 h6 24. Ngf3 Bc5 25. g4 Rd8 26. g5 hxg5 27. Nxg5 Bb4 28. Nef7 Rc8 29. Rd1 Be2 30. Rxd4 Rxc1+ 31. Kg2 Bf8 32. Rd8 Bc4 33. Ne5 Bd5+ 34. f3 Rc7 35. b3 g6 36. Nxg6 Nd7 37. Ne7+ Kh8 38. Kg3 Rb7 39. h4 Kg7 40. Nxd5 exd5 41. Ne6+ Kf7 42. Nxf8 Nxf8 43. Rxd5 Kf6 44. Ra5 Rg7+ 45. Kf2 Ng6 46. h5 Nh4 47. b4 Nf5 48. a4 Rh7 49. f4 Ke6 50. Re5+ Kf6 51. Ra5 Ke6 52. Kf3 Nd6 53. Kg4 Nc4 54. Ra6+ Kd5 55. h6 Nb6 56. Kh5 Rf7 57. Kg6 Rxf4 58. h7 Rh4 59. Ra5+ Ke6 60. Rh5 Rg4+ 61. Rg5 Rh4 62. Rh5 Rg4+ 63. Kh6 Nd7 64. h8Q Nf6 65. Qc8+ Kf7 66. Qc7+ Kf8 67. Rf5 1-0

[Event "AUT-chT2M 0304"]
[Site "Austria"]
[Date "2004.01.30"]
[Round "5.5"]
[White "Wasl, Ernst"]
[Black "Hiermann, Dietmar"]
[Result "0-1"]
[WhiteElo "2173"]
[BlackElo "2256"]
[PlyCount "120"]
[EventDate "2003.11.08"]
[EventType "team-tourn"]
[EventRounds "11"]
[EventCountry "AUT"]
[SourceTitle "CBM 097 Extra"]
[Source "ChessBase"]
[SourceDate "2004.01.13"]
[SourceVersion "1"]
[SourceVersionDate "2004.01.13"]
[SourceQuality "1"]
[WhiteTeam "Hoersching"]
[BlackTeam "Sauwald"]
[WhiteTeamCountry "AUT"]
[BlackTeamCountry "AUT"]

1. d4 Nf6 2. c4 g6 3. Nc3 d5 4. Nf3 Bg7 5. Qb3 dxc4 6. Qxc4 0-0 7. Bf4 Na6 8. e4 c6 9. Bd3 Qb6 10. 0-0 Bg4 11. Qa4 Bxf3 12. gxf3 Nh5 13. Be3 Rfd8 14. Ne2 Qb4 15. Qc2 Nc7 16. Bc4 e6 17. Qb3 Qd6 18. Rfd1 Kh8 19. Rac1 f5 20. Bg5 Rf8 21. Bd2 a5 22. Qb6 fxe4 23. fxe4 Qd7 24. Ng3 Nxg3 25. hxg3 Qf7 26. Be3 Ne8 27. Qb3 Nd6 28. Bd3 a4 29. Qc2 a3 30. bxa3 Ra5 31. e5 Nb5 32. d5 cxd5 33. a4 Na3 34. Qc3 Rxa4 35. Bc5 Rfa8 36. Rd2 Bh6 37. f4 Bf8 38. Bf2 Nc4 39. Bxc4 Rxc4 40. Qa1 Rac8 41. Rcd1 b5 42. Qb1 b4 43. Rb2 Qc7 44. Be1 Bc5+ 45. Kg2 Qe7 46. Bd2 Ra8 47. Rh1 Kg8 48. Rh6 Re4 49. Kf3 Qf8 50. Qh1 Ra7 51. Bc1 Rc4 52. Qh3 Rc3+ 53. Kg2 Rxc1 54. Qxe6+ Qf7 55. Qc8+ Kg7 56. Qh3 Kh8 57. Qc8+ Qf8 58. Qh3 d4 59. Kh2 d3 60. Rxg6 Bg1+ 0-1

[Event "Regionalliga NO 0304"]
[Site "Bayern"]
[Date "2004.01.18"]
[Round "5.1"]
[White "Wasl, Ernst"]
[Black "Eiber, Manfred"]
[Result "1-0"]
[WhiteElo "2187"]
[BlackElo "2158"]
[PlyCount "67"]
[EventDate "2003.10.??"]
[EventType "team-tourn"]
[EventRounds "9"]
[EventCountry "GER"]
[SourceTitle "EXT 2006"]
[Source "ChessBase"]
[SourceDate "2005.11.24"]
[SourceVersion "1"]
[SourceVersionDate "2005.11.24"]
[SourceQuality "1"]
[WhiteTeam "Regensburg Fortuna III"]
[BlackTeam "Nuernberg Sued SW"]
[WhiteTeamCountry "GER"]
[BlackTeamCountry "GER"]

1. e4 c6 2. d4 d5 3. Nc3 dxe4 4. Nxe4 Nf6 5. Nxf6+ gxf6 6. Qd3 Bg4 7. Ne2 Bh5 8. f4 Bg6 9. f5 Qa5+ 10. Bd2 Qxf5 11. Qb3 Qc8 12. 0-0-0 e6 13. h4 b5 14. Qf3 h5 15. Nf4 Nd7 16. Nxg6 fxg6 17. g4 Kf7 18. gxh5 Rxh5 19. Bd3 f5 20. Rdg1 Nf6 21. Qg2 Ng4 22. Be2 Bh6 23. Bxh6 Rxh6 24. Bxg4 fxg4 25. Qxg4 Qd7 26. h5 Rah8 27. hxg6+ Kg7 28. Rxh6 Rxh6 29. Qg5 a5 30. Qe5+ Kg8 31. Qb8+ Kg7 32. Rf1 Qxd4 33. Qf8+ Kxg6 34. Qg8+ 1-0

[Event "Regionalliga NO 0304"]
[Site "Bayern"]
[Date "2003.12.14"]
[Round "4.1"]
[White "Rother, Christoph"]
[Black "Wasl, Ernst"]
[Result "1-0"]
[WhiteElo "2271"]
[BlackElo "2187"]
[PlyCount "81"]
[EventDate "2003.10.??"]
[EventType "team-tourn"]
[EventRounds "9"]
[EventCountry "GER"]
[SourceTitle "EXT 2006"]
[Source "ChessBase"]
[SourceDate "2005.11.24"]
[SourceVersion "1"]
[SourceVersionDate "2005.11.24"]
[SourceQuality "1"]
[WhiteTeam "Regensburg Eulenspiegel"]
[BlackTeam "Regensburg Fortuna III"]
[WhiteTeamCountry "GER"]
[BlackTeamCountry "GER"]

1. d4 d5 2. c4 e6 3. Nc3 Be7 4. Nf3 Nf6 5. Bg5 h6 6. Bxf6 Bxf6 7. e3 0-0 8. Rc1 Re8 9. Be2 a6 10. 0-0 Nc6 11. cxd5 exd5 12. Qb3 Ne7 13. Na4 Nf5 14. Bd3 c6 15. Bxf5 Bxf5 16. Qxb7 Bd3 17. Qxc6 Bxf1 18. Kxf1 Rc8 19. Qxc8 Qxc8 20. Rxc8 Rxc8 21. Ne1 Bd8 22. Nc5 a5 23. Ned3 g5 24. Ke2 f5 25. Kd2 Bf6 26. Nb7 Ra8 27. g3 f4 28. gxf4 gxf4 29. Nxf4 Rb8 30. Nxa5 Rxb2+ 31. Ke1 Bh4 32. Nd3 Rxa2 33. Nb3 Ra3 34. Nbc1 Kf7 35. Ke2 Ke6 36. Nf4+ Kd6 37. Kf3 Ra1 38. Ncd3 Ra2 39. Nxd5 Bxf2 40. Nc3 Rc2 41. Ne4+ 1-0

[Event "AUT-chT2M 0304"]
[Site "Austria"]
[Date "2003.11.09"]
[Round "2.4"]
[White "Wasl, Ernst"]
[Black "Krebs, Johann"]
[Result "1/2-1/2"]
[WhiteElo "2173"]
[BlackElo "2304"]
[PlyCount "120"]
[EventDate "2003.11.08"]
[EventType "team-tourn"]
[EventRounds "11"]
[EventCountry "AUT"]
[SourceTitle "CBM 097 Extra"]
[Source "ChessBase"]
[SourceDate "2004.01.13"]
[SourceVersion "1"]
[SourceVersionDate "2004.01.13"]
[SourceQuality "1"]
[WhiteTeam "Hoersching"]
[BlackTeam "Graz Strassenbahn"]
[WhiteTeamCountry "AUT"]
[BlackTeamCountry "AUT"]

1. d4 Nf6 2. c4 g6 3. Nc3 Bg7 4. e4 d6 5. Be2 0-0 6. Nf3 e5 7. 0-0 Nc6 8. d5 Ne7 9. Ne1 Nd7 10. f3 f5 11. g4 Kh8 12. Be3 Ng8 13. Ng2 Bh6 14. Bf2 Bg5 15. b4 a5 16. a3 axb4 17. axb4 Rxa1 18. Qxa1 fxg4 19. fxg4 Ndf6 20. Qd1 Ne8 21. Qd3 Bd7 22. h4 Be7 23. Qd2 Nef6 24. g5 Ng4 25. Bxg4 Bxg4 26. Be3 Rxf1+ 27. Kxf1 Qc8 28. Qf2 Kg7 29. Kg1 Qa8 30. Kh2 Bd8 31. Qa2 Qxa2 32. Nxa2 Ne7 33. Nc3 Nc8 34. Kg3 Bd7 35. Ne1 c5 36. dxc6 bxc6 37. Nd3 Nb6 38. Bxb6 Bxb6 39. c5 Bc7 40. cxd6 Bxd6 41. Nc5 Bc8 42. N3a4 Bc7 43. Nb2 h6 44. Nc4 hxg5 45. hxg5 Kf7 46. Na5 Ke7 47. Nxc6+ Kd6 48. Na7 Bd7 49. Nxd7 Kxd7 50. b5 Bd6 51. Kg4 Kc7 52. Nc6 Kb6 53. Nd8 Kxb5 54. Nf7 Kc5 55. Kf3 Bc7 56. Ke3 Kc4 57. Kf3 Kd4 58. Nh8 Bd8 59. Nxg6 Bxg5 60. Nf8 Be7 1/2-1/2

[Event "Regionalliga NO 9900"]
[Site "Bayern"]
[Date "2000.??.??"]
[Round "8.6"]
[White "Wasl, Ernst"]
[Black "Gradl, Winfried"]
[Result "0-1"]
[WhiteElo "2015"]
[BlackElo "2000"]
[PlyCount "106"]
[EventDate "1999.??.??"]
[EventType "team-tourn"]
[EventRounds "9"]
[EventCountry "GER"]
[SourceTitle "EXT 2020"]
[Source "ChessBase"]
[SourceDate "2019.10.17"]
[SourceVersion "1"]
[SourceVersionDate "2019.10.17"]
[SourceQuality "1"]
[WhiteTeam "Regensburg Fortuna II"]
[BlackTeam "Weiden"]
[WhiteTeamCountry "GER"]
[BlackTeamCountry "GER"]

1. d4 d5 2. c4 c6 3. e3 Nf6 4. Qb3 e6 5. Nf3 Nbd7 6. Bd2 Qb6 7. Nc3 Bd6 8. Qc2 Qc7 9. Rc1 dxc4 10. Bxc4 0-0 11. Bb3 a6 12. e4 e5 13. d5 cxd5 14. Bxd5 Nxd5 15. Nxd5 Qxc2 16. Rxc2 Nf6 17. Nxf6+ gxf6 18. g4 Be6 19. b3 Rfc8 20. Rxc8+ Rxc8 21. Kd1 Kf8 22. h3 Bc5 23. Ke2 Ba3 24. Ne1 Ke7 25. Rg1 Bd7 26. Rg3 Bb5+ 27. Kd1 Ke6 28. Nc2 Be2+ 29. Kxe2 Rxc2 30. Kd3 Rxa2 31. Rg1 Bb2 32. Bb4 Bd4 33. Rc1 Kd7 34. f4 Rb2 35. Kc4 b5+ 36. Kd5 Rxb3 37. Ba5 Ra3 38. Rc7+ Kd8 39. Rxf7+ Rxa5 40. Rxf6 b4+ 41. Kc4 Rb5 42. Kb3 a5 43. Ra6 exf4 44. Rd6+ Ke7 45. Rxd4 Ke6 46. h4 Ke5 47. Rd7 Kxe4 48. Rxh7 f3 49. Rf7 Ke3 50. g5 a4+ 51. Kb2 b3 52. g6 a3+ 53. Kxa3 b2 0-1